000 00338nam a2200133Ia 4500
008 220214s9999 xx 000 0 und d
245 0 _aAgri Digest
260 _bFAO
_aRome
310 _aQ
500 _aEnding Volume & Year: 1972,
500 _aMissing Volume: Nos.1;5;12;13;17
500 _aStarting Volume & Year: 1964,
942 _cBJ
999 _c3165
_d3165